[Event "Andalucia-chA"]
[Site "Algeciras"]
[Date "2018.05.19"]
[Round "6"]
[White "Lopez Perez, Juan Pedro"]
[Black "Maceiras, Moya Nery"]
[Result "1-0"]
[WhiteElo "1797"]
[BlackElo "1825"]
[PlyCount "85"]
[EventDate "2018.05.12"]
[EventType "swiss"]
[EventRounds "8"]
[EventCountry "ESP"]
[SourceTitle "EXT 2020"]
[Source "ChessBase"]
[SourceDate "2019.10.17"]
[SourceVersion "1"]
[SourceVersionDate "2019.10.17"]
[SourceQuality "1"]

1. e4 c5 2. d4 e6 3. Nf3 cxd4 4. c3 d3 5. Bxd3 a6 6. a4 Nc6 7. 0-0 Qc7 8. Na3 Bd6 9. Nc4 Bf4 10. Bxf4 Qxf4 11. e5 Nge7 12. Nd6+ Kf8 13. Re1 Ng6 14. Bxg6 hxg6 15. Re4 Qh6 16. Rh4 Qxh4 17. Nxh4 Rxh4 18. g3 Rh5 19. f4 f6 20. Qd3 Ne7 21. Re1 Rb8 22. exf6 gxf6 23. f5 gxf5 24. Nxc8 Rxc8 25. Qxd7 e5 26. Rd1 Rg5 27. Qxb7 f4 28. Rd7 Re8 29. Qxa6 Rg6 30. Kf2 fxg3+ 31. hxg3 f5 32. Rd6 Rxd6 33. Qxd6 e4 34. Qf6+ Kg8 35. c4 e3+ 36. Ke2 f4 37. gxf4 Nc8 38. Qg6+ Kf8 39. f5 Ne7 40. Qf6+ Kg8 41. b4 Nxf5 42. Qxf5 Rf8 43. Qxf8+ 1-0

[Event "Andalucia-chA"]
[Site "Algeciras"]
[Date "2018.05.19"]
[Round "5"]
[White "Redondo Benavente, Ana"]
[Black "Lopez Perez, Juan Pedro"]
[Result "1-0"]
[WhiteElo "2114"]
[BlackElo "1797"]
[PlyCount "57"]
[EventDate "2018.05.12"]
[EventType "swiss"]
[EventRounds "8"]
[EventCountry "ESP"]
[SourceTitle "EXT 2020"]
[Source "ChessBase"]
[SourceDate "2019.10.17"]
[SourceVersion "1"]
[SourceVersionDate "2019.10.17"]
[SourceQuality "1"]

1. e4 c5 2. Nf3 e6 3. g3 Nc6 4. Bg2 g6 5. 0-0 Bg7 6. c3 Nge7 7. Re1 0-0 8. d3 d5 9. Qe2 d4 10. e5 h6 11. Nbd2 dxc3 12. bxc3 Nd5 13. Bb2 b5 14. c4 bxc4 15. dxc4 Ba6 16. Qe4 Nde7 17. Qe3 Rb8 18. Bc3 Nd4 19. Nxd4 cxd4 20. Qxd4 Qxd4 21. Bxd4 Rfd8 22. Bxa7 Rb2 23. Nf3 Bxc4 24. a4 Bd5 25. a5 Rc8 26. Bd4 Rb3 27. Re3 Rxe3 28. fxe3 Rc2 29. a6 1-0

[Event "Andalucia-chA"]
[Site "Algeciras"]
[Date "2018.05.18"]
[Round "4"]
[White "Lopez Perez, Juan Pedro"]
[Black "Cuellar Montes, Alejandro"]
[Result "0-1"]
[WhiteElo "1797"]
[BlackElo "2087"]
[PlyCount "42"]
[EventDate "2018.05.12"]
[EventType "swiss"]
[EventRounds "8"]
[EventCountry "ESP"]
[SourceTitle "EXT 2020"]
[Source "ChessBase"]
[SourceDate "2019.10.17"]
[SourceVersion "1"]
[SourceVersionDate "2019.10.17"]
[SourceQuality "1"]

1. e4 d6 2. d4 Nf6 3. Nc3 Nbd7 4. Nf3 e5 5. Be2 Be7 6. 0-0 0-0 7. h3 c6 8. a4 a5 9. Be3 exd4 10. Qxd4 Nc5 11. e5 dxe5 12. Qxe5 Bd6 13. Qg5 Ne6 14. Qh4 Qc7 15. Bd3 Nf4 16. Bxf4 Bxf4 17. g4 h6 18. g5 hxg5 19. Nxg5 Bxg5 20. Qxg5 Bxh3 21. Rfe1 Ng4 0-1

[Event "Andalucia-chA"]
[Site "Algeciras"]
[Date "2018.05.13"]
[Round "3"]
[White "Dominguez Ruiz, Mario"]
[Black "Lopez Perez, Juan Pedro"]
[Result "1/2-1/2"]
[WhiteElo "1983"]
[BlackElo "1797"]
[PlyCount "196"]
[EventDate "2018.05.12"]
[EventType "swiss"]
[EventRounds "8"]
[EventCountry "ESP"]
[SourceTitle "EXT 2020"]
[Source "ChessBase"]
[SourceDate "2019.10.17"]
[SourceVersion "1"]
[SourceVersionDate "2019.10.17"]
[SourceQuality "1"]

1. b3 e5 2. Bb2 d6 3. c4 Nf6 4. e3 Nc6 5. Be2 Be7 6. Nf3 0-0 7. d4 Nd7 8. e4 exd4 9. Nxd4 Nxd4 10. Bxd4 Bf6 11. 0-0 Bxd4 12. Qxd4 Qf6 13. Qc3 Re8 14. Qxf6 Nxf6 15. f3 Bd7 16. Nc3 a5 17. Rab1 Bc6 18. Rfd1 Re7 19. a3 b6 20. Bf1 h5 21. Ne2 h4 22. Nd4 Bd7 23. Ra1 Nh5 24. Rdc1 Nf4 25. b4 axb4 26. axb4 Ree8 27. g3 hxg3 28. hxg3 Ne6 29. Nc2 Ng5 30. Kf2 f5 31. exf5 Bxf5 32. Ne3 Be6 33. Bg2 Nf7 34. f4 Rxa1 35. Rxa1 Nh6 36. Ra8 Rxa8 37. Bxa8 Ng4+ 38. Nxg4 Bxg4 39. Ke3 Kf7 40. b5 Ke7 41. Bf3 Be6 42. Kd4 Kf6 43. g4 Bd7 44. Kd5 Ke7 45. Be2 Kf6 46. Bd3 Ke7 47. g5 Kf7 48. f5 Ke7 49. Be4 Kf7 50. Bc2 Ke7 51. Bb1 Kf7 52. Be4 Ke7 53. Kd4 Kf7 54. Bd5+ Ke7 55. Ke4 Be8 56. Bb7 Bf7 57. Bd5 Be8 58. Ba8 Bf7 59. Kd4 Bh5 60. Bc6 Bg4 61. Be4 Bh5 62. Bg2 Bg4 63. Be4 Bh5 64. Bd3 Be8 65. Kd5 Bd7 66. Bc2 Kf7 67. Be4 Ke7 68. Kd4 Kf7 69. Bd5+ Ke7 70. Ke4 Be8 71. Ke3 Bd7 72. Kf4 Be8 73. g6 Bd7 74. Kg5 Bc8 75. Ba8 Kf8 76. Bg2 Ke7 77. Bd5 Bd7 78. Be4 Kf8 79. Bd5 Ke7 80. f6+ Kf8 81. f7 Ke7 82. Kf4 Bh3 83. Ke3 Bf1 84. Kd4 Be2 85. Bg2 Bd1 86. Be4 Be2 87. Kd5 Bf1 88. Kd4 Be2 89. Bd3 Bf3 90. Ke3 Bg2 91. Kf2 Bh3 92. Kg3 Bd7 93. Kf4 Bh3 94. Ke3 Bg2 95. Kd4 Bf3 96. Be4 Be2 97. Kd5 Bf1 98. Bf5 Bg2+ 1/2-1/2

[Event "Albacete op 10th"]
[Site "Albacete"]
[Date "2002.09.02"]
[Round "3"]
[White "Vilela de Acuna, Jose Luis"]
[Black "Lopez Perez, Juan Pedro"]
[Result "1-0"]
[WhiteElo "2355"]
[BlackElo "1949"]
[PlyCount "51"]
[EventDate "2002.09.01"]
[EventType "swiss"]
[EventRounds "9"]
[EventCountry "ESP"]
[SourceTitle "EXT 2003"]
[Source "ChessBase"]
[SourceDate "2002.11.25"]
[SourceVersion "1"]
[SourceVersionDate "2002.11.25"]
[SourceQuality "1"]

1. c4 Nf6 2. Nc3 g6 3. e4 d6 4. d4 Bg7 5. Be2 0-0 6. Nf3 e5 7. 0-0 Nc6 8. d5 Ne7 9. b4 a5 10. bxa5 Rxa5 11. Nd2 Nd7 12. Nb3 Ra8 13. a4 f5 14. f3 f4 15. a5 g5 16. Ba3 Ng6 17. c5 dxc5 18. Nxc5 Nxc5 19. Bxc5 Re8 20. Bb5 Bd7 21. Qb3 Bxb5 22. Nxb5 Kh8 23. d6 cxd6 24. Nxd6 Qc7 25. Nf7+ Kg8 26. Nxg5+ 1-0

[Event "Almeria-ch"]
[Site "Nijar"]
[Date "2002.02.17"]
[Round "7"]
[White "Blanco Galvez, Julian"]
[Black "Lopez Perez, Juan Pedro"]
[Result "0-1"]
[WhiteElo "2145"]
[BlackElo "1949"]
[PlyCount "90"]
[EventDate "2002.02.02"]
[EventType "swiss"]
[EventRounds "8"]
[EventCountry "ESP"]
[SourceTitle "CBM 086 Extra"]
[Source "ChessBase"]
[SourceDate "2002.03.14"]
[SourceVersion "1"]
[SourceVersionDate "2002.03.14"]
[SourceQuality "1"]

1. c4 Nf6 2. Nc3 g6 3. g3 Bg7 4. Bg2 0-0 5. d4 d6 6. Nf3 Nc6 7. 0-0 a6 8. e4 Bg4 9. h3 Bxf3 10. Bxf3 e5 11. Be3 exd4 12. Bxd4 Nxd4 13. Qxd4 Nd7 14. Qd2 Ne5 15. Be2 Nc6 16. Rad1 Nd4 17. Rfe1 Re8 18. Kg2 b5 19. Bf1 Rb8 20. Nd5 c5 21. cxb5 axb5 22. a3 Nb3 23. Qc2 Nd4 24. Qd3 Qa5 25. f4 f5 26. Kh1 c4 27. Qb1 Nb3 28. Bg2 Nd2 29. Qc2 Nxe4 30. Bxe4 fxe4 31. Rxe4 Rxe4 32. Qxe4 Qa8 33. Qe6+ Kh8 34. Qxd6 Bxb2 35. Kh2 Bg7 36. Nc7 Qf3 37. Nxb5 Qf2+ 38. Kh1 Qf3+ 39. Kh2 Qf2+ 40. Kh1 Qf3+ 41. Kh2 Re8 42. Rd2 Re2+ 43. Rxe2 Qxe2+ 44. Kg1 h6 45. Qc6 c3 0-1

[Event "Almeria-ch"]
[Site "Nijar"]
[Date "2002.02.09"]
[Round "4"]
[White "Sanchez Abad, Rosa Maria"]
[Black "Lopez Perez, Juan Pedro"]
[Result "0-1"]
[WhiteElo "1890"]
[BlackElo "1949"]
[PlyCount "80"]
[EventDate "2002.02.02"]
[EventType "swiss"]
[EventRounds "8"]
[EventCountry "ESP"]
[SourceTitle "CBM 086 Extra"]
[Source "ChessBase"]
[SourceDate "2002.03.14"]
[SourceVersion "1"]
[SourceVersionDate "2002.03.14"]
[SourceQuality "1"]

1. e4 c5 2. Nf3 Nf6 3. e5 Nd5 4. c4 Nc7 5. d4 cxd4 6. Nxd4 Nc6 7. f4 d5 8. Nc3 e6 9. Be3 Be7 10. Be2 Nxd4 11. Bxd4 b6 12. Bf3 Bb7 13. Qa4+ Qd7 14. Qxd7+ Kxd7 15. cxd5 Nxd5 16. Nxd5 Bxd5 17. Bxd5 exd5 18. Ke2 Rac8 19. Rac1 Bc5 20. Bxc5 bxc5 21. Rhd1 Ke6 22. Rc3 d4 23. Rc4 Kd5 24. Kd3 Rhd8 25. Rdc1 a5 26. a3 a4 27. Rxa4 Rb8 28. Rac4 Rb3+ 29. Ke2 Rxb2+ 30. Kf1 Rc8 31. Ra4 Ke4 32. Rac4 Kxf4 33. Rxd4+ cxd4 34. Rxc8 Ke3 35. Rc1 Rf2+ 36. Kg1 d3 37. Ra1 d2 38. Rd1 Rf5 39. g4 Rxe5 40. Kf1 Rc5 0-1